000 00403pab a2200157 454500
008 180718b2013 xxu||||| |||| 00| 0 eng d
100 _aNawani, Disha
245 _aReflections on annual status of educational research 2012
260 _c2013
300 _ap.19-22.
362 _a23 Mar
650 _aEducational research
773 _aEconomic and Political Weekly
908 _aN
909 _a99271
999 _c99270
_d99270